Music Quiz

Random Music or Song Quiz

Song Profile: Don't Stop Believin' Quiz Stats

 Plays Quiz Updated Feb 26, 2019

Score 0/20 Timer 05:00
2 Plays Today
Question Answer % Correct
Where was the city boy born and raised?In south Detroit
97%
What did the small town girl and city boy take?The midnight train
94.2%
Where were the small town girl and city boy going?Anywhere
92.8%
Where did the small town girl live?In a lonely world
91.6%
Don't stop doing what?Believin'
83.2%
What two things are smelled?Wine and cheap perfume
81.2%
What goes on and on and on and on?It
79.3%
Some will win but others will?Lose
78.4%
What were some born to sing?The blues
75.8%
Where is the singer?In a smoky room
69.4%
Question Answer % Correct
Where are the streetlight people hiding?Somewhere in the night
66.4%
Where are the strangers?Up and down the boulevard
65.7%
What are the strangers doing?Waiting
59.6%
What are the streetlight people living to find?Emotion
58.1%
What are the strangers' shadows doing in the night?Searching
56.5%
What does everybody want?A thrill
52.1%
What can they share the night for?A smile
51.9%
What is everybody paying anything to do one more time?Roll the dice
51.5%
What should be held on to?That feelin'
50.4%
What never ends?The movie
48.7%

You're not logged in!

Compare scores with friends on all Sporcle quizzes.
OR
Log In

Show Comments

Extras

Top Quizzes Today


Score Distribution

Your Account Isn't Verified!

In order to create a playlist on Sporcle, you need to verify the email address you used during registration. Go to your Sporcle Settings to finish the process.

Report this User

Report this user for behavior that violates our Community Guidelines.

Details: